Luyện thép hợp kim và thép đặc biệt

Khái niệm chung về thép hợp kim, tổng quan về quy trình công nghệ sản xuất thép hợp kim và thép đặc biệt, ảnh hưởng của các nguyên tố hợp kim tới các tính chất của thép hợp kim. Cơ sở lý thuyết và nguyên lý làm việc của một số phươn...

Πλήρης περιγραφή

Αποθηκεύτηκε σε:
Λεπτομέρειες βιβλιογραφικής εγγραφής
Κύριος συγγραφέας: Bùi, Anh Hòa
Άλλοι συγγραφείς: Nguyễn, Sơn Lâm
Μορφή: Βιβλίο
Γλώσσα:Undetermined
Έκδοση: H. KH & KT 2010
Θέματα:
Διαθέσιμο Online:http://lrc.tdmu.edu.vn/opac/search/detail.asp?aID=2&ID=7604
Ετικέτες: Προσθήκη ετικέτας
Δεν υπάρχουν, Καταχωρήστε ετικέτα πρώτοι!
Thư viện lưu trữ: Trung tâm Học liệu Trường Đại học Thủ Dầu Một
LEADER 01396nam a2200217Ia 4500
001 TDMU_7604
008 210410s9999 xx 000 0 und d
082 |a 669 
090 |b B510 
100 |a Bùi, Anh Hòa 
245 0 |a Luyện thép hợp kim và thép đặc biệt 
245 0 |c Bùi Anh Hòa,Nguyễn Sơn Lâm 
260 |a H. 
260 |b KH & KT 
260 |c 2010 
300 |a 158tr 
520 |a Khái niệm chung về thép hợp kim, tổng quan về quy trình công nghệ sản xuất thép hợp kim và thép đặc biệt, ảnh hưởng của các nguyên tố hợp kim tới các tính chất của thép hợp kim. Cơ sở lý thuyết và nguyên lý làm việc của một số phương pháp tinh luyện ngoài lò thường dùng hiện nay. Hiệu quả và triển vọng ứng dụng của chúng. Tính năng làm việc và yêu cầu của một số loại thép hợp kim và thép đặc biệt. Công nghệ nấu luyện, tinh luyện và sản xuất các loại thép này 
650 |a Luyện thép; Thép hợp kim 
700 |a Nguyễn, Sơn Lâm 
856 |u http://lrc.tdmu.edu.vn/opac/search/detail.asp?aID=2&ID=7604 
980 |a Trung tâm Học liệu Trường Đại học Thủ Dầu Một